Fantastic 4 (Record no. 15299)

MARC details
000 -LEADER
fixed length control field 03303nam a22004457a 4500
003 - CONTROL NUMBER IDENTIFIER
control field dpl
005 - DATE AND TIME OF LATEST TRANSACTION
control field 2008090303483.0
007 - PHYSICAL DESCRIPTION FIXED FIELD--GENERAL INFORMATION
fixed length control field DVD
008 - FIXED-LENGTH DATA ELEMENTS--GENERAL INFORMATION
fixed length control field 050907s2005 cau105 g 00| 0 eng d
010 ## - LIBRARY OF CONGRESS CONTROL NUMBER
LC control number DVD-000233-235 & DVD-005347-5351
024 ## - OTHER STANDARD IDENTIFIER
Standard number or code A4240
Terms of availability 399.00
035 ## - SYSTEM CONTROL NUMBER
System control number DVD-000233-235
040 ## - CATALOGING SOURCE
Original cataloging agency DPL
Transcribing agency DPL
092 ## - LOCALLY ASSIGNED DEWEY CALL NUMBER (OCLC)
Classification number DVD / FANT
245 ## - TITLE STATEMENT
Title Fantastic 4
Medium [described videorecording] /
Statement of responsibility, etc 20th Century Fox ; Marvel Enterprises ;
Remainder of title A Legend Begins
246 ## - VARYING FORM OF TITLE
Title proper/short title Fantastic four.
260 ## - PUBLICATION, DISTRIBUTION, ETC. (IMPRINT)
Place of publication, distribution, etc Beverly Hills, CA :
Name of publisher, distributor, etc 20th Century Fox Home Entertainment;
Place of publication, distribution, etc [Boston, MA] :
Name of publisher, distributor, etc Excel Productions Audio Visual Pvt. Ltd
Date of publication, distribution, etc c2005.
300 ## - PHYSICAL DESCRIPTION
Extent [1 videodisc DVD]
Other physical details sd., col. ;
Dimensions 4-3/4 in.
500 ## - GENERAL NOTE
General note Marvel, Fantastic Four and related characters
500 ## - GENERAL NOTE
General note "The Fantastic Four Started It all"
500 ## - GENERAL NOTE
General note Distributor in India Excel Production Audiovisuals Pvt. Ltd. Mumbai
500 ## - GENERAL NOTE
General note Discover the Origin with the 1994-95 Animated Television Series
520 ## - SUMMARY, ETC.
Summary, etc After exposure to cosmic radiation, four astronauts become the most remarkable, if not most dysfunctional, superheroes of all time. Reed Richards is the leader of the group and gains the ability to stretch all parts of his body, he takes the name Mr. Fant
521 ## - TARGET AUDIENCE NOTE
Target audience note MPAA rating: PG-13; for sequences of intense action, and some suggestive content.
538 ## - SYSTEM DETAILS NOTE
System details note Stereo 2.0, , English, Thai,Mandarin Subtitles in English,Chinese, Thai, Korean
546 ## - LANGUAGE NOTE
Language note Closed-captioned for the hearing impaired.
655 ## - INDEX TERM--GENRE/FORM
Genre/form data or focus term Described verbally for the visually impaired.
710 ## - ADDED ENTRY--CORPORATE NAME
Corporate name or jurisdiction name as entry element Twentieth Century Fox Home Entertainment, Inc.
710 ## - ADDED ENTRY--CORPORATE NAME
Corporate name or jurisdiction name as entry element DVS Home Video (Firm)
942 ## - ADDED ENTRY ELEMENTS (KOHA)
Koha item type CD-ROMs, DVDs, VHS
Source of classification or shelving scheme Dewey Decimal Classification
Classification part DVD
Call number suffix FANT
Holdings
Withdrawn status Lost status Source of classification or shelving scheme Damaged status Not for loan Home library Current library Date acquired Source of acquisition Cost, normal purchase price Total Checkouts Full call number Barcode Date last seen Date checked out Copy number Cost, replacement price Price effective from Koha item type Total Renewals
    Dewey Decimal Classification     Central Library Central Library 03/09/2008 purchase 499.00 21 DVD FANT DVD-000233 04/02/2013 22/01/2013 1 499.00 15/09/2008 CD-ROMs, DVDs, VHS  
    Dewey Decimal Classification     Janak Puri Janak Puri 16/12/2009 Pioneers/885/29-10-09/325/13-10-09 /06-11-09 399.00 19 DVD FANT DVD-005347 26/12/2013 20/12/2013 1 399.00 16/12/2009 CD-ROMs, DVDs, VHS 1
    Dewey Decimal Classification     Karol Bagh Karol Bagh 16/12/2009 Pioneers/885/29-10-09/325/13-10-09 /06-11-09 399.00 22 DVD FANT DVD-005350 07/05/2012 23/04/2012 1 399.00 16/12/2009 CD-ROMs, DVDs, VHS  
    Dewey Decimal Classification     Narela Narela 16/12/2009 Pioneers/885/29-10-09/325/13-10-09 /06-11-09 399.00 7 DVD FANT DVD-005351 07/02/2011 04/02/2011 1 399.00 16/12/2009 CD-ROMs, DVDs, VHS 1
    Dewey Decimal Classification     Patel Nagar Patel Nagar 03/09/2008 Purchase 499.00 19 DVD FANT DVD-000235 11/07/2016 25/06/2016 1 499.00 15/09/2008 CD-ROMs, DVDs, VHS  
    Dewey Decimal Classification     R.K.Puram-8 R.K.Puram-8 16/12/2009 Pioneers/885/29-10-09/325/13-10-09 /06-11-09 399.00 17 DVD FANT DVD-005348 30/03/2013 23/03/2013 1 399.00 16/12/2009 CD-ROMs, DVDs, VHS  
    Dewey Decimal Classification     Sarojini Nagar Sarojini Nagar 03/09/2008 Purchase 499.00 26 DVD FANT DVD-000234 14/03/2016 11/03/2016 1 499.00 15/09/2008 CD-ROMs, DVDs, VHS  
    Dewey Decimal Classification     Vinoba Puri Vinoba Puri 16/12/2009 Pioneers/885/29-10-09/325/13-10-09 /06-11-09 399.00 22 DVD FANT DVD-005349 20/05/2017 03/05/2017 1 399.00 16/12/2009 CD-ROMs, DVDs, VHS 1

© Delhi Public Library
Hit Counter
free hit counter